000 00475nam a2200157Ia 4500
999 _c18787
_d18787
003 OSt
005 20200609152201.0
008 190216s9999||||xx |||||||||||||| ||und||
040 _coclc
082 _a370.954
_bSEN/A
100 _aSen, N B
_92703
245 0 _aAdvancement Of Learning In Independent India /
_cN B Sen
260 _bNew Book Society Of India,
_c1967.
_aNew Delhi:
300 _a240p
942 _cBK
_2ddc
_h370.954
_iSEN/A
_k370.954
_mSEN/A